Statistiques concernant Les pays organisateurs de Formule 1 (2017)

Cliquez ici pour prendre le quiz!

Statistiques générales

  • Ce quiz a été pris 404 fois
  • Le résultat moyen est 17 sur 20

Statistiques - réponses

Date du GPPays% Correct
26 marsAustralie
96%
3 septembreItalie
96%
14 maiEspagne
95%
12 novembreBrésil
94%
9 avrilChine
94%
8 octobreJapon
93%
16 juilletGrande-Bretagne
92%
27 aoûtBelgique
91%
28 maiMonaco
90%
11 juinCanada
89%
29 octobreMexique
89%
22 octobreEtats-Unis
86%
30 avrilRussie
84%
17 septembreSingapour
78%
26 novembreAbou Dabi
77%
2 juilletAutriche
77%
16 avrilBahreïn
77%
30 juilletHongrie
75%
1er octobreMalaisie
65%
25 juinAzerbaïdjan
60%

Distribution des résultats

Percentile par nombre de réponses

% des personnes avec chaque résultat

Votre développement - résultats

Vous n’avez pas pris ce quiz